| 000 | 01071cab a2200205 4500 | ||
|---|---|---|---|
| 001 | ##L132841 | ||
| 008 | 060313n2006 000 0 eng u | ||
| 035 | _a(Sirsi) u132841 | ||
| 041 | 0 | _aeng | |
| 100 | 1 | _aGrierson, James | |
| 245 | 0 | 2 | _aA working relationship |
| 260 | _c2006 | ||
| 490 | 0 |
_aEstates Gazette _v(0609) 4 March 2006, 178-179(2) |
|
| 520 | _aThe second of two "Mainly for students" articles on outsourcing (see also L132659) advises on how to get the best from external suppliers. Covers what requirements drive outsourcing, new patterns in outsourcing property services, selection criteria for outsourcing contracts and the role of the adviser. Concludes that outsourcing is becoming increasingly popular both in the public and the private sectors and that good outsourcing arrangements are founded on good relationships between the service provider and the external expert. Provides a further reading list. | ||
| 590 | _aIKA140306 | ||
| 690 | _aMANAGEMENT-FACILITIES MANAGEMENT | ||
| 700 | 1 | _aDavis, Ron | |
| 700 | 1 | _aFrench, Nick | |
| 942 | _n0 | ||
| 999 |
_c76654 _d76654 |
||